02402nab a2200253uuc4500001000800000005001700008008004100025035001200066035002100078040001300099041000800112100004100120245013200161520146200293650002601755650001701781650002201798650003601820700003501856700004001891700004601931700004401977773012702021126399720251002100657.0111111e20110601 spa  a1263997 a(OCoLC)820617006 ccomduadb aspa10aAranda Beltrán, Carolina4auteaut10aFactores psicosociales asociados a patologías laborales en médicos de nivel primario de atención en Guadalajara, México3 aIntroducción: las interacciones negativas entre el trabajador con su medio ambiente laboral y extralaboral componen lo que se conoce como factores psicosociales. El objetivo del estudio fue analizar la presencia de factores psicosociales negativos en el área laboral y su asociación con estar o no enfermo en los médicos de nivel primario de atención en Guadalajara, México. Material y método: para analizar lo propuesto se utilizó un cuestionario de datos sociodemográficos y laborales incluida la pregunta sobre qué enfermedades o molestias, o ambas, había presentado en los últimos seis meses, además de la escala de Identificación de los Factores Psicosociales (IMSS, 1986). Resultados: 64,8% (81 sujetos) se manifestó enfermo. Las enfermedades más frecuentes fueron las músculo-esqueléticas (20%), respiratorias (19,2%), gastrointestinales (18,3%) y las psicológicas (15,2%). Se encontró relación entre casi todos los factores psicosociales con las enfermedades gastrointestinales, cardiovasculares, neurológicas y psicológicas. Conclusiones: es deber de todo el personal que labora en una empresa el ejercer medidas de prevención, de evaluar y controlar los agentes de riesgo a los cuales están expuestos los trabajadores, así como de ofrecer seguimiento a los programas que a partir de la identificación y evaluación del riesgo se elaboren, con la finalidad de que este no vuelva a presentarse. aFactores psicologicos aTrabajadores aRiesgos laborales 7aCondiciones de trabajo2unescot10aPando Moreno, Manuel4auteaut10aTorres López, Teresa M.4auteaut10aSalazar Estrada, Jose Guadalupe4auteaut10aSánchez Torres, José Luis4auteaut0 tRevista Colombiana de Psiquiatría (Bogotá)gVolumen 40, Número 02, Junio 2011, p. 266-278w329827x0034-74500114314